Music Quiz

Random Music or Kpop Quiz

Guess the kpop songs Quiz Stats

Quiz not verified by Sporcle

Also try: Aerosmith Albums
Challenge
Share
Tweet
Embed
Score 0/20 Timer 10:00
0 Plays Today
Hint Answer % Correct
This a letter from me to youStay
79.7%
It must be party timeParty
77%
Waste of a real loveRumor
70.3%
Gold key or get luckyKnock knock
65.2%
A lot of alcoholReally really
59.2%
But I want it and you know itFxxk it
58.7%
U be ma curry I be your riceDaddy
56%
Make history or not Movie
54%
Ah ha, so you think I kinda like you Liar liar
53.1%
Just tell me whyI wish
47.3%
Hint Answer % Correct
Fight your way, fight your wayBorders
42.9%
Now tell me let me knowBling bling
42.2%
Just tell me you wanna goEasy love
39.5%
Get out Get out Get out Get out let me go!Don't touch me
30.8%
Try,if you can catch meTry
25.7%
I want you to come back I want you to love me againHold my hand
20.5%
How can I show you my loveBeautiful
18.1%
Oh baby love is youYou're so fine
17.4%
I’m just curious don’t get me wrongWonder if
11.6%
But I miss you and I need youReminiscing
10.9%

You're not logged in!

Compare scores with friends on all Sporcle quizzes.
Sign Up with Email
OR
Log In

You Might Also Like...

Show Comments

Extras

Top Quizzes Today


Score Distribution

Your Account Isn't Verified!

In order to create a playlist on Sporcle, you need to verify the email address you used during registration. Go to your Sporcle Settings to finish the process.